02834njm a2200529 i 4500001000700000003000900007005001700016007001500033008004100048015001000089017005000099020001800149035002100167035002100188040002900209100004600238240002900284245009500313260004000408264001100448300005100459336004000510337002000550338002400570490005100594511024700645518006100892520044500953650003201398655002301430700010001453700003301553700005601586700004701642700003501689700003501724700003601759700004501795700004801840710003801888710006201926852011701988903002802105942001802133999001902151952013402170196103ES-MaACL20250904042259.0sd*fsngnnmmned240209s2006 sp opn d / fre  aSON06 aM 48055-2006bOficina Depósito Legal Madrid a9788496832282 a(OCoLC)733210715 a(SpMaBN)a4580552 aSpMaBNbspacSpMaBNerdc1 aDebussy, Claude, d1862-19189240620ecmt10aPelléas et Mélisande10aPelléas et Mélisande /cDebussy ; libreto de Maurice Maeterlinckb[Grabación sonora] aMadrid :bPrisa Innova, cD.L. 2006 a©2007 a2 discos (CD Audio) + e1 libro (76 páginas) 2rdacontentamúsica (interpretada) 2rdamediaaaudio 2rdacarrieravolumen1 aLos clásicos de la ópera, 400 años ;v241 aJacques Jansen, Victoria de los Ángeles, Gérard Souzay, Pierre Froumenty, Jeannine Collard, Françoise Ogeas, Jean Vieuille ; Coros Raymond St. Paul ; Orquesta Nacional de la Radiodifusión Francesa ; André Cluytens, director musical. aGrabado en Palais de Chaillot, París, en junio de 1956 aHoy vemos a Claude Debussy (1822-1918) como el más profundo creador de la modernidad. Basada en el drama del simbolista belga Maurice Maeterlinck, y estrenada en París en 1902, Pelléas et Mélisande es la anti-ópera en un sentido convencional: ni un agudo, ni un aria de exaltada vocalización. Una obra para los amantes de la música en sentido absoluto, con una armonía flotante e indecisa que evoca la pintura impresionista. 7aÓperas-9137584vLibretos 7aLibretos292422191 aMaeterlinck, Maurice, d1862-1949- tPelleas et Mélisande- lEspañol-Francés9238257elbt1 aJansen, Jacques9238258eprf1 aVictoria de los Ángeles, d1923-20059237868eprf1 aSouzay, Gérard, d1918-20049238259eprf1 aFroumenty, Pierre9238260eprf1 aCollard, Jeannine9238261eprf1 aOgeas, Françoise9238262eprf1 aVieuille, Jean, d1902-19679238197eprf1 aCluytens, André, d1905-19679238263emsd2 aChoeur Raymond Saint-Paul92382642 aRadiodiffusion française. bOrchestre national 9238171 aES-MaACLbR.155037cDEPOJjN-9819hDonación: Miren FernándezxEncuadernación cartonépVolumen 249205697 aFernández, Mirenednr cMONOGRAFIAn0 c196103d196103 00102udc4070aATENEOMbATENEOMcDEPOJd2025-05-22eDONACIONl0oN-9819p101230124r2025-05-22 00:00:00w2025-05-22yMONOGRAFIA